Svetová kráľovná odpadového papiera

Podrobná bibliografia
Hlavný autor: Pressburg, Adrian Peter (Autor)
Médium: Článok
Jazyk:slovenčina
Fyzický popis:Fotogr., graf
ISSN:1335-4620
Predmet:

MARC

LEADER 00000nab a2200000 ar4500
001 vtls008996661
003 SK-MaSNL
005 20260303065749.0
008 070606c2006 xo er|p|||||||000 b|slo
015 |a SNBRB2007/06  |2 snkbucl 
038 |a SNKBUCL 
040 |a SNKBUCL  |b slo  |c SNKBUCL  |e AACR2 
041 0 |a slo 
044 |a xo  |c SK 
080 |a 658-051  |2 2001 
080 |a 929 Žang Jin  |2 2001 
080 |a 676:061.5(510)  |2 2001 
100 1 |a Pressburg, Adrian Peter  |4 aut  |9 857364 
245 1 0 |a Svetová kráľovná odpadového papiera  |c Adrian Peter Pressburg 
300 |b Fotogr., graf 
600 0 7 |a Žang Jin  |2 snkbucl  |9 1066267 
773 0 |t Profit  |g Č. 24 (2006), s. 30-31  |x 1335-4620 
852 |a SNK  |b KIS3GCP 
958 |a BC 
958 |a CN 
999 |c 1752577  |d 1754507